UM Logo
Normal view MARC view
  • Nabe, Nestor C., author

Entry Personal Name

Number of records used in: 5

001 - CONTROL NUMBER

  • control field: 43886

003 - CONTROL NUMBER IDENTIFIER

  • control field: OSt

005 - DATE AND TIME OF LATEST TRANSACTION

  • control field: 20220211094154.0

008 - FIXED-LENGTH DATA ELEMENTS

  • fixed length control field: 220211|| aca||aabn | a|a d

040 ## - CATALOGING SOURCE

  • Original cataloging agency: OSt
  • Transcribing agency: OSt

100 ## - HEADING--PERSONAL NAME

  • Personal name: Nabe, Nestor C., author

670 ## - SOURCE DATA FOUND

  • Source citation: Work cat.: (OSt): Nabe, Nestor C., author, Laboratory manual in police photography/, [2017].